| 000 | 00421nam a2200181Ia 4500 | ||
|---|---|---|---|
| 001 | 19787 | ||
| 005 | 20260306172718.0 | ||
| 008 | 260306t1999||||xx |||||||||||||| ||spa|| | ||
| 041 | _aESP | ||
| 082 |
_a341.1 _bG336 |
||
| 100 |
_aGeorge, Robert P. _eAUT |
||
| 245 | 0 | _aIn defense of natural law | |
| 260 | _c1999 | ||
| 300 |
_a343 páginas : _c23 cm. |
||
| 650 | _aGEN | ||
| 654 | _aCDE | ||
| 942 |
_cLIB _dJUS _fJUS _2ddc _n |
||
| 999 |
_c19787 _d19787 |
||